<?xml version="1.0" encoding="UTF-8"?>
<record
    xmlns:xsi="http://www.w3.org/2001/XMLSchema-instance"
    xsi:schemaLocation="http://www.loc.gov/MARC21/slim http://www.loc.gov/standards/marcxml/schema/MARC21slim.xsd"
    xmlns="http://www.loc.gov/MARC21/slim">

  <leader>00442nam a2200181Ia 4500</leader>
  <controlfield tag="005">20241219103716.0</controlfield>
  <controlfield tag="008">231217s9999    xx            000 0 und d</controlfield>
  <datafield tag="020" ind1=" " ind2=" ">
    <subfield code="a">9780070591134</subfield>
  </datafield>
  <datafield tag="082" ind1=" " ind2=" ">
    <subfield code="a">001.642  GOD;24</subfield>
  </datafield>
  <datafield tag="100" ind1=" " ind2=" ">
    <subfield code="a">Godbole, A S.</subfield>
  </datafield>
  <datafield tag="245" ind1=" " ind2="0">
    <subfield code="a">Operating systems</subfield>
  </datafield>
  <datafield tag="250" ind1=" " ind2=" ">
    <subfield code="a">2nd ed.</subfield>
  </datafield>
  <datafield tag="260" ind1=" " ind2=" ">
    <subfield code="c">2005</subfield>
    <subfield code="b">TMH</subfield>
    <subfield code="a">New Delhi</subfield>
  </datafield>
  <datafield tag="300" ind1=" " ind2=" ">
    <subfield code="a">xxiii, 692</subfield>
  </datafield>
  <datafield tag="400" ind1=" " ind2=" ">
    <subfield code="a">Computer engineering series</subfield>
  </datafield>
  <datafield tag="650" ind1=" " ind2=" ">
    <subfield code="a">Operating</subfield>
  </datafield>
  <datafield tag="942" ind1=" " ind2=" ">
    <subfield code="c">AA</subfield>
  </datafield>
  <datafield tag="999" ind1=" " ind2=" ">
    <subfield code="c">183907</subfield>
    <subfield code="d">183907</subfield>
  </datafield>
  <datafield tag="952" ind1=" " ind2=" ">
    <subfield code="r">2024-01-26 00:00:00</subfield>
    <subfield code="l">0</subfield>
    <subfield code="o">001.642  GOD;24</subfield>
    <subfield code="p">55599</subfield>
    <subfield code="W">25</subfield>
    <subfield code="u">digital/contents/55603.pdf</subfield>
    <subfield code="v">236.25</subfield>
    <subfield code="w">2024-01-26</subfield>
    <subfield code="y">AA</subfield>
    <subfield code="1">0</subfield>
    <subfield code="4">0</subfield>
    <subfield code="7">0</subfield>
    <subfield code="8">CL</subfield>
    <subfield code="0">0</subfield>
    <subfield code="K">55345</subfield>
    <subfield code="L">18/03/2013</subfield>
    <subfield code="a">ML</subfield>
    <subfield code="b">ML</subfield>
    <subfield code="c">CL</subfield>
    <subfield code="d">2009-08-20</subfield>
    <subfield code="e">Book Paradise</subfield>
    <subfield code="g">315.00</subfield>
    <subfield code="E">EE</subfield>
    <subfield code="G">RS</subfield>
    <subfield code="F">1</subfield>
    <subfield code="V">78.75</subfield>
    <subfield code="U">Rupees</subfield>
  </datafield>
  <datafield tag="952" ind1=" " ind2=" ">
    <subfield code="r">2025-02-21 00:00:00</subfield>
    <subfield code="l">1</subfield>
    <subfield code="o">001.642  GOD;25</subfield>
    <subfield code="p">55600</subfield>
    <subfield code="W">25</subfield>
    <subfield code="s">2025-02-06</subfield>
    <subfield code="u">digital/contents/55603.pdf</subfield>
    <subfield code="v">236.25</subfield>
    <subfield code="w">2024-01-26</subfield>
    <subfield code="y">AA</subfield>
    <subfield code="1">0</subfield>
    <subfield code="4">0</subfield>
    <subfield code="7">0</subfield>
    <subfield code="8">CL</subfield>
    <subfield code="0">0</subfield>
    <subfield code="K">55345</subfield>
    <subfield code="L">18/03/2013</subfield>
    <subfield code="a">ML</subfield>
    <subfield code="b">ML</subfield>
    <subfield code="c">CL</subfield>
    <subfield code="d">2009-08-20</subfield>
    <subfield code="e">Book Paradise</subfield>
    <subfield code="g">315.00</subfield>
    <subfield code="E">EE</subfield>
    <subfield code="G">RS</subfield>
    <subfield code="F">1</subfield>
    <subfield code="V">78.75</subfield>
    <subfield code="U">Rupees</subfield>
  </datafield>
  <datafield tag="952" ind1=" " ind2=" ">
    <subfield code="r">2025-02-20 00:00:00</subfield>
    <subfield code="l">1</subfield>
    <subfield code="o">001.642  GOD;26</subfield>
    <subfield code="p">55601</subfield>
    <subfield code="W">25</subfield>
    <subfield code="s">2025-02-06</subfield>
    <subfield code="u">digital/contents/55603.pdf</subfield>
    <subfield code="v">236.25</subfield>
    <subfield code="w">2024-01-26</subfield>
    <subfield code="y">AA</subfield>
    <subfield code="1">0</subfield>
    <subfield code="4">0</subfield>
    <subfield code="7">0</subfield>
    <subfield code="8">CL</subfield>
    <subfield code="0">0</subfield>
    <subfield code="K">55345</subfield>
    <subfield code="L">18/03/2013</subfield>
    <subfield code="a">ML</subfield>
    <subfield code="b">ML</subfield>
    <subfield code="c">CL</subfield>
    <subfield code="d">2009-08-20</subfield>
    <subfield code="e">Book Paradise</subfield>
    <subfield code="g">315.00</subfield>
    <subfield code="E">EE</subfield>
    <subfield code="G">RS</subfield>
    <subfield code="F">1</subfield>
    <subfield code="V">78.75</subfield>
    <subfield code="U">Rupees</subfield>
  </datafield>
  <datafield tag="952" ind1=" " ind2=" ">
    <subfield code="r">2024-01-26 00:00:00</subfield>
    <subfield code="l">0</subfield>
    <subfield code="o">001.642  GOD;27</subfield>
    <subfield code="p">55602</subfield>
    <subfield code="W">25</subfield>
    <subfield code="u">digital/contents/55603.pdf</subfield>
    <subfield code="v">236.25</subfield>
    <subfield code="w">2024-01-26</subfield>
    <subfield code="y">AA</subfield>
    <subfield code="1">0</subfield>
    <subfield code="4">0</subfield>
    <subfield code="7">0</subfield>
    <subfield code="8">CL</subfield>
    <subfield code="0">0</subfield>
    <subfield code="K">55345</subfield>
    <subfield code="L">18/03/2013</subfield>
    <subfield code="a">ML</subfield>
    <subfield code="b">ML</subfield>
    <subfield code="c">CL</subfield>
    <subfield code="d">2009-08-20</subfield>
    <subfield code="e">Book Paradise</subfield>
    <subfield code="g">315.00</subfield>
    <subfield code="E">EE</subfield>
    <subfield code="G">RS</subfield>
    <subfield code="F">1</subfield>
    <subfield code="V">78.75</subfield>
    <subfield code="U">Rupees</subfield>
  </datafield>
  <datafield tag="952" ind1=" " ind2=" ">
    <subfield code="r">2024-01-26 00:00:00</subfield>
    <subfield code="l">0</subfield>
    <subfield code="o">001.642  GOD;28</subfield>
    <subfield code="p">55603</subfield>
    <subfield code="W">25</subfield>
    <subfield code="u">digital/contents/55603.pdf</subfield>
    <subfield code="v">236.25</subfield>
    <subfield code="w">2024-01-26</subfield>
    <subfield code="y">AA</subfield>
    <subfield code="1">0</subfield>
    <subfield code="4">0</subfield>
    <subfield code="7">0</subfield>
    <subfield code="8">CL</subfield>
    <subfield code="0">0</subfield>
    <subfield code="K">55345</subfield>
    <subfield code="L">18/03/2013</subfield>
    <subfield code="a">ML</subfield>
    <subfield code="b">ML</subfield>
    <subfield code="c">CL</subfield>
    <subfield code="d">2009-08-20</subfield>
    <subfield code="e">Book Paradise</subfield>
    <subfield code="g">315.00</subfield>
    <subfield code="E">EE</subfield>
    <subfield code="G">RS</subfield>
    <subfield code="F">1</subfield>
    <subfield code="V">78.75</subfield>
    <subfield code="U">Rupees</subfield>
  </datafield>
  <datafield tag="952" ind1=" " ind2=" ">
    <subfield code="r">2024-01-26 00:00:00</subfield>
    <subfield code="l">0</subfield>
    <subfield code="o">001.642  GOD;29</subfield>
    <subfield code="p">57184</subfield>
    <subfield code="W">25</subfield>
    <subfield code="u">digital/contents/55603.pdf</subfield>
    <subfield code="v">236.25</subfield>
    <subfield code="w">2024-01-26</subfield>
    <subfield code="y">AA</subfield>
    <subfield code="1">0</subfield>
    <subfield code="4">0</subfield>
    <subfield code="7">0</subfield>
    <subfield code="8">IS</subfield>
    <subfield code="0">0</subfield>
    <subfield code="K">57252</subfield>
    <subfield code="L">29/07/2013</subfield>
    <subfield code="a">ML</subfield>
    <subfield code="b">ML</subfield>
    <subfield code="c">IS</subfield>
    <subfield code="d">2009-12-04</subfield>
    <subfield code="e">Book Paradise</subfield>
    <subfield code="g">315.00</subfield>
    <subfield code="E">IS</subfield>
    <subfield code="G">RS</subfield>
    <subfield code="F">1</subfield>
    <subfield code="V">78.75</subfield>
    <subfield code="U">Rupees</subfield>
  </datafield>
</record>
